Statistics for All 1M+ Cities by City Proper

Click here to take the quiz!

General Stats

  • This quiz has been taken 420 times
  • The average score is 218 of 557

Answers on the Map

Answers color-coded by a green-red scale on the quiz's map according to % correct below.
 

Answer Stats

CountryPopulationCity% Correct
United States8,467,513New York
95%
United States3,849,297Los Angeles
94%
Mexico8,843,706Mexico City
94%
Canada3,025,647Toronto
94%
United States2,696,555Chicago
93%
United States1,288,457Dallas
93%
United Kingdom8,776,535London
93%
Russia13,010,112Moscow
93%
Cuba2,137,847Havana
92%
United States2,288,250Houston
92%
Peru11,166,200Lima
92%
Spain3,340,176Madrid
92%
Brazil6,775,560Rio de Janeiro
92%
Russia5,601,911Saint Petersburg
92%
Spain1,655,956Barcelona
91%
Germany3,677,472Berlin
91%
Colombia7,876,000Bogota
91%
Egypt9,801,536Cairo
91%
Turkey15,244,936Istanbul
91%
Canada1,791,508Montreal
91%
France2,133,111Paris
91%
Italy2,754,719Rome
91%
Chile5,220,161Santiago
91%
Brazil12,284,940São Paulo
91%
Australia4,698,656Sydney
91%
China21,893,095Beijing
90%
Argentina3,121,707Buenos Aires
90%
South Africa3,430,992Cape Town
90%
Ukraine2,952,301Kiev
90%
Italy1,371,850Milan
90%
India12,442,373Mumbai
90%
United States1,624,569Phoenix
90%
Netherlands1,114,745Amsterdam
89%
India11,034,555Delhi
89%
Indonesia9,586,705Jakarta
89%
South Africa7,860,781Johannesburg
89%
Nigeria15,070,000Lagos
89%
Australia4,585,537Melbourne
89%
Yemen1,707,531Sana'a
89%
United States1,381,611San Diego
89%
Iran8,693,706Tehran
89%
Japan9,733,276Tokyo
89%
Egypt5,362,517Alexandria
88%
Algeria2,364,230Algiers
88%
Turkey5,186,002Ankara
88%
Iraq6,719,476Baghdad
88%
Thailand5,666,264Bangkok
88%
Brazil2,988,440Brasília
88%
Venezuela2,087,700Caracas
88%
United Arab Emirates3,291,166Dubai
88%
Germany1,487,708Munich
88%
United States1,576,251Philadelphia
88%
China24,870,895Shanghai
88%
Austria2,006,134Vienna
88%
Hungary1,685,342Budapest
87%
Germany1,853,935Hamburg
87%
Vietnam7,004,921Ho Chi Minh City
87%
Philippines1,846,513Manila
87%
Canada1,071,868Ottawa
87%
Panama1,086,990Panama City
87%
Australia2,043,762Perth
87%
Saudi Arabia6,924,566Riyadh
87%
Singapore5,685,807Singapore
87%
Poland1,860,281Warsaw
87%
Ethiopia3,860,000Addis Ababa
86%
New Zealand1,440,300Auckland
86%
Romania1,716,961Bucharest
86%
Morocco3,359,818Casablanca
86%
Bangladesh6,970,105Dhaka
86%
Czech Republic1,301,432Prague
86%
Vietnam3,605,364Hanoi
85%
China7,413,070Hong Kong
85%
Belarus1,995,471Minsk
85%
Kenya4,397,073Nairobi
85%
Japan2,752,412Osaka
85%
Ecuador1,763,275Quito
85%
South Korea9,586,195Seoul
85%
United Arab Emirates1,202,756Abu Dhabi
84%
United Kingdom1,121,408Birmingham
84%
Syria2,103,000Damascus
84%
Pakistan14,884,402Karachi
84%
Democratic Republic of the Congo7,273,947Kinshasa
84%
United States1,451,853San Antonio
84%
Australia2,287,896Brisbane
83%
Canada1,413,800Calgary
83%
Senegal2,646,903Dakar
83%
China18,676,605Guangzhou
83%
Afghanistan4,434,600Kabul
83%
Malaysia1,588,750Kuala Lumpur
83%
Costa Rica1,453,500San José
83%
Libya1,293,016Tripoli
83%
China12,447,718Wuhan
83%
Tanzania5,383,728Dar es Salaam
82%
Canada1,087,172Edmonton
82%
Mexico1,385,621Guadalajara
82%
Sudan1,410,858Khartoum
82%
India4,496,694Kolkata
82%
Uruguay1,304,687Montevideo
82%
Dominican Republic1,029,110Santo Domingo
82%
Bulgaria1,183,454Sofia
82%
Taiwan2,594,581Taipei
82%
Ghana2,070,463Accra
81%
Serbia1,197,714Belgrade
81%
China1,968,766Lu'an
81%
Somalia1,650,227Mogadishu
81%
Jordan1,812,059Amman
80%
Germany1,073,096Cologne
80%
Pakistan11,119,985Lahore
80%
Angola6,759,313Luanda
80%
Colombia2,553,600Medellin
80%
Azerbaijan1,291,000Baku
79%
Saudi Arabia2,385,509Mecca
79%
Australia1,245,011Adelaide
78%
India8,495,492Bangalore
78%
India4,646,732Chennai
78%
Pakistan1,733,622Hyderabad
78%
India6,993,262Hyderabad
78%
Pakistan1,009,003Islamabad
78%
North Korea2,521,785Pyongyang
78%
Uzbekistan2,956,384Tashkent
78%
China11,133,823Xi'an
78%
Brazil2,530,700Belo Horizonte
77%
Mexico1,142,952Monterrey
77%
Ukraine1,010,537Odessa
77%
Georgia1,154,314Tbilisi
77%
Mongolia1,466,431Ulaanbaatar
77%
Kazakhstan1,354,507Astana
76%
Saudi Arabia3,712,917Jeddah
76%
Cambodia2,189,460Phnom Penh
76%
South Africa1,763,336Pretoria
76%
Republic of the Congo2,145,783Brazzaville
75%
Nigeria2,690,000Abuja
74%
South Korea3,349,016Busan
74%
Madagascar1,274,225Antananarivo
73%
Turkey2,948,160Izmir
73%
Armenia1,086,677Yerevan
73%
Mali4,227,569Bamako
72%
South Africa2,786,046Durban
72%
Nicaragua1,055,111Managua
72%
Japan1,973,395Sapporo
72%
India5,633,927Ahmedabad
71%
China15,419,445Chengdu
71%
Morocco1,112,072Fes
71%
Uganda1,680,600Kampala
71%
Japan2,332,176Nagoya
71%
China25,910,068Chongqing
70%
Zimbabwe1,491,740Harare
70%
Zambia1,747,152Lusaka
70%
Brazil2,244,470Manaus
70%
China13,866,009Tianjin
70%
Myanmar4,728,524Yangon
70%
Ivory Coast5,616,633Abidjan
69%
Kyrgyzstan1,103,562Bishkek
69%
Japan1,200,754Hiroshima
69%
Ukraine1,421,125Kharkiv
69%
Rwanda1,517,168Kigali
69%
China17,494,398Shenzhen
69%
Honduras1,132,000Tegucigalpa
69%
Syria2,132,100Aleppo
68%
Liberia1,021,762Monrovia
68%
Burkina Faso2,415,266Ouagadougou
68%
Brazil1,661,020Recife
68%
Kazakhstan2,161,797Almaty
67%
Turkmenistan1,030,063Ashgabat
67%
Nigeria4,910,000Kano
67%
China5,163,970Xiamen
67%
Saudi Arabia1,411,599Medina
66%
Niger1,324,700Niamey
66%
Colombia2,234,400Cali
65%
Guinea1,660,973Conakry
65%
China9,314,685Nanjing
65%
India3,124,458Pune
65%
China3,981,049Urumqi
65%
Bangladesh2,582,401Chittagong
64%
Tajikistan1,201,800Dushanbe
64%
Ecuador2,650,288Guayaquil
64%
Japan1,463,723Kyoto
64%
Mozambique1,080,277Maputo
64%
Chad1,521,900N'Djamena
64%
Brazil2,899,520Salvador
64%
Brazil2,703,390Fortaleza
63%
Russia1,226,076Nizhny Novgorod
63%
Cameroon1,817,524Yaounde
63%
Kenya1,208,333Mombasa
62%
Mauritania1,324,700Nouakchott
62%
Indonesia2,765,487Surabaya
62%
India3,046,163Jaipur
61%
Russia1,028,036Volgograd
61%
Russia1,544,376Yekaterinburg
61%
China6,976,136Harbin
60%
Mexico1,501,551Juarez
60%
India1,585,704Agra
59%
Brazil1,493,530Belem
59%
Argentina1,317,298Cordoba
59%
Brazil1,492,530Porto Alegre
59%
Togo1,477,658Lome
58%
Russia1,633,595Novosibirsk
58%
Russia1,142,162Rostov
58%
Mexico1,810,645Tijuana
58%
Russia1,308,660Kazan
57%
Indonesia2,394,873Bandung
56%
Japan1,612,392Fukuoka
56%
Mexico1,542,232Puebla
56%
Japan3,777,491Yokohama
56%
Colombia1,322,900Barranquilla
55%
China10,711,238Hangzhou
55%
India4,501,610Surat
55%
Turkey1,322,766Antalya
54%
Iraq1,361,819Mosul
54%
China7,172,451Qingdao
54%
Iran1,961,260Isfahan
53%
India2,817,105Lucknow
53%
Venezuela2,262,600Maracaibo
53%
Bolivia1,442,396Santa Cruz
53%
Egypt4,458,135Giza
52%
Russia1,125,695Omsk
52%
Iraq1,340,827Basra
51%
Japan1,525,152Kobe
50%
Russia1,144,809Ufa
50%
China5,736,383Dalian
49%
Cameroon1,906,962Douala
49%
Nigeria3,190,000Ibadan
49%
South Korea2,945,454Incheon
49%
Brazil1,963,730Curitiba
48%
Myanmar1,225,546Mandalay
48%
Iran3,001,184Mashhad
48%
Indonesia2,097,610Medan
48%
Turkey2,051,464Bursa
47%
China1,486,267Fuzhou
47%
China4,094,491Fuzhou
47%
China5,950,578Kunming
47%
Russia1,034,002Perm
47%
South Korea2,410,700Daegu
46%
Pakistan3,210,158Faisalabad
46%
Russia1,173,299Samara
46%
China5,980,707Changsha
45%
China5,118,199Hefei
45%
China5,977,185Nanning
45%
Nigeria1,680,000Benin City
44%
Philippines2,960,048Quezon City
44%
China7,885,142Shenyang
44%
Saudi Arabia1,386,166Dammam
43%
Nigeria2,120,000Port Harcourt
43%
Democratic Republic of the Congo1,283,380Lubumbashi
42%
China6,650,120Zhengzhou
42%
Russia1,189,525Chelyabinsk
41%
Philippines1,436,085Davao
41%
Turkey1,680,723Gaziantep
41%
India2,405,665Nagpur
41%
Russia1,099,344Krasnodar
40%
Ghana2,035,064Kumasi
40%
Mexico1,579,803Leon
40%
Iran1,201,158Qom
39%
Pakistan2,097,824Rawalpindi
39%
Iran1,565,572Shiraz
39%
India1,798,218Bhopal
38%
Turkey1,779,463Adana
37%
Venezuela1,585,500Valencia
37%
Peru1,125,400Arequipa
35%
China5,057,140Ningbo
35%
China5,437,602Shantou
35%
Iran1,558,693Tabriz
35%
Brazil1,549,740Goiania
34%
China8,352,049Jinan
34%
Russia1,187,771Krasnoyarsk
34%
India1,684,297Patna
34%
Japan1,096,704Sendai
34%
Russia1,057,681Voronezh
34%
China3,004,246Wenzhou
34%
India1,994,397Indore
33%
India2,768,057Kanpur
33%
Taiwan2,734,275Kaohsiung
33%
Brazil1,054,010São Luis
33%
Indonesia1,331,391Makassar
32%
India1,198,491Varanasi
31%
Brazil1,202,200Campinas
30%
China2,873,358Haikou
30%
India1,056,191Jodhpur
30%
Turkey1,365,287Konya
30%
Pakistan1,969,823Peshawar
30%
United Arab Emirates1,274,749Sharjah
30%
China6,715,559Suzhou
30%
China1,766,285Suzhou
30%
China1,561,636Huainan
29%
Democratic Republic of the Congo1,213,726Mbuji-Mayi
28%
China4,529,141Taiyuan
28%
China5,969,036Changchun
27%
China3,474,858Lanzhou
27%
Taiwan4,365,947New Taipei
27%
China5,758,403Shijiazhuang
27%
Taiwan3,033,840Taichung
27%
India1,159,227Amritsar
26%
China10,466,625Dongguan
25%
South Korea1,477,573Gwangju
25%
India1,050,721Coimbatore
24%
Pakistan2,028,421Gujranwala
24%
Indonesia1,440,678Palembang
24%
China4,396,845Wuxi
24%
South Korea1,488,435Daejeon
23%
India1,728,128Visakhapatnam
23%
China3,386,471Zibo
23%
Nigeria1,160,000Aba
22%
Venezuela1,089,100Barquisimeto
22%
China9,498,863Foshan
22%
China4,506,134Guiyang
22%
China1,895,865Jilin
22%
Pakistan1,872,641Multan
22%
Indonesia1,520,481Semarang
22%
China3,929,660Nanchang
21%
Sudan1,849,659Omdurman
21%
Taiwan1,875,076Tainan
21%
Kazakhstan1,192,120Shymkent
20%
India1,168,385Allahabad
19%
China2,550,470Luoyang
19%
India1,323,363Rajkot
19%
India1,206,419Srinagar
19%
China3,589,215Xuzhou
19%
Iran1,184,788Ahvaz
18%
Nigeria1,850,000Kaduna
18%
Japan1,538,262Kawasaki
18%
South Korea1,135,423Ulsan
18%
India1,752,371Vadodara
18%
China1,543,696Anshan
17%
Turkey1,087,786Diyarbakir
17%
China2,681,758Hohhot
17%
India1,017,865Madurai
17%
Japan1,324,025Saitama
17%
China3,191,299Yantai
17%
Mexico1,643,623Ecatepec de Morelos
16%
China3,648,324Linyi
16%
India1,618,879Ludhiana
16%
Turkey1,040,507Mersin
16%
China2,774,752Nantong
16%
India1,027,264Raipur
16%
China3,687,607Tangshan
16%
India1,175,116Aurangabad
15%
China4,493,029Changzhou
15%
China3,494,715Huizhou
15%
Nigeria1,040,000Jos
15%
Sudan1,012,211Khartoum North
15%
Brazil1,030,910Maceio
15%
Nigeria1,110,000Maiduguri
15%
Tanzania1,104,521Mwanza
15%
Nigeria1,150,000Onitsha
15%
China2,283,770Baotou
14%
Brazil1,404,690Guarulhos
14%
China1,735,581Kaifeng
14%
China2,439,585Zhuhai
14%
India1,486,053Nashik
13%
China1,406,987Qiqihar
13%
China1,726,705Taizhou
13%
China2,162,461Taizhou
13%
China2,511,721Weifang
13%
China1,398,867Anyang
12%
China3,154,062Baoding
12%
China2,519,051Liuzhou
12%
China1,596,119Luzhou
12%
India1,305,429Meerut
12%
India1,073,427Ranchi
12%
India1,143,232Vijayawada
12%
China1,954,795Xining
12%
Indonesia2,334,871Bekasi
11%
China2,030,203Datong
11%
India1,648,643Ghaziabad
11%
China1,725,865Guilin
11%
India1,054,420Gwalior
11%
China2,829,864Huai'an
11%
Nigeria1,080,000Ilorin
11%
India1,081,677Jabalpur
11%
India1,001,694Kota
11%
China1,728,386Quanzhou
11%
Brazil1,097,560Sao Goncalo
11%
Nigeria1,040,000Sokoto
11%
Mexico1,257,547Zapopan
11%
China1,829,488Cixi
10%
China1,754,655Daqing
10%
India1,162,472Dhanbad
10%
China1,111,849Jinzhou
10%
Iran1,592,492Karaj
10%
China2,539,148Maoming
10%
India1,120,547Navi Mumbai
10%
Mexico1,072,676Nezahualcoyotl
10%
Taiwan2,441,064Taoyuan
10%
India1,841,488Thane
10%
China2,151,368Wuhu
10%
China2,635,435Yangzhou
10%
Indonesia1,738,570Depok
9%
China2,588,060Ganzhou
9%
Mozambique1,032,197Matola
9%
China1,031,396Sanya
9%
South Korea1,210,150Suwon
9%
Indonesia1,798,601Tangerang
9%
China1,901,793Yinchuan
9%
China1,931,455Zhanjiang
9%
China4,418,060Zhongshan
9%
Philippines1,661,584Caloocan
8%
South Korea1,029,389Changwon
8%
China1,460,381Chifeng
8%
India1,414,050Faridabad
8%
China3,724,728Handan
8%
China1,361,085Hengyang
8%
China1,558,826Huzhou
8%
China2,120,000Jining
8%
China1,936,534Nanchong
8%
China2,305,646Putian
8%
China1,881,047Qinhuangdao
8%
China1,551,513Rizhao
8%
China2,958,643Shaoxing
8%
China1,883,943Tai'an
8%
China1,728,259Weihai
8%
China1,374,414Xinxiang
8%
China1,859,390Yiwu
8%
China1,744,850Zhangjiakou
8%
China1,734,201Zhuzhou
8%
China1,862,118Baoji
7%
China1,469,055Changde
7%
China2,126,978Jiangmen
7%
China2,060,026Nanyang
7%
Indonesia1,290,322South Tangerang
7%
China2,319,640Xiangyang
7%
China2,379,194Yancheng
7%
China1,266,790Zhenjiang
7%
China1,336,093Bengbu
6%
China1,491,878Dezhou
6%
China1,079,353Ezhou
6%
South Korea1,045,497Goyang
6%
India1,077,075Haora
6%
China1,037,864Huaibei
6%
India1,247,327Kalyan-Dombivli
6%
China2,214,611Lianyungang
6%
China2,232,865Mianyang
6%
India1,727,692Pimpri Chinchwad
6%
China1,738,424Qingyuan
6%
Egypt1,275,700Shubra el-Kheima
6%
China1,574,648Tengzhou
6%
China1,162,213Yingkou
6%
South Korea1,066,975Yongin
6%
China2,360,549Zunyi
6%
China1,677,050Changshu
5%
China1,750,945Chaozhou
5%
China1,850,869Dazhou
5%
China1,322,098Fushun
5%
China2,128,538Fuyang
5%
Bangladesh1,592,053Gazipur
5%
China1,726,705Jiangyin
5%
China1,863,587Jieyang
5%
China1,068,291Jingzhou
5%
China1,463,990Jinhua
5%
China1,189,246Pingdingshan
5%
China1,594,721Qujing
5%
China1,622,912Suqian
5%
India1,222,390Vasai-Virar City
5%
China2,032,556Xingtai
5%
China1,515,750Xinyang
5%
China2,158,312Yibin
5%
China1,547,599Yichang
5%
China1,335,692Yueyang
5%
China1,226,830Yulin
5%
China1,251,557Yulin
5%
China1,553,109Zhaoqing
5%
China1,188,597Binzhou
4%
China1,004,614Chenzhou
4%
China1,433,587Dongying
4%
China1,140,000Hengshui
4%
China2,230,000Heze
4%
China1,085,474Jiaozuo
4%
China1,518,654Jiaxing
4%
China2,092,496Kunshan
4%
China1,147,591Langfang
4%
China1,236,188Leshan
4%
China2,006,546Liaocheng
4%
China1,166,481Panjin
4%
China1,400,134Qinzhou
4%
China1,859,723Shangqiu
4%
China2,068,763Shangrao
4%
China1,028,460Shaoguan
4%
China1,099,892Xiangtan
4%
China1,568,579Xianyang
4%
China1,337,940Xuchang
4%
China1,109,782Yuzhou
4%
China1,720,663Zhoukou
4%
China1,025,543Zhumadian
4%
China1,297,695Zigong
4%
China1,217,501Anshun
3%
China1,305,066Bijie
3%
China1,537,231Bozhou
3%
China1,687,952Changzhi
3%
China1,247,807Dengzhou
3%
China1,037,277Deyang
3%
China1,095,986Dingzhou
3%
China1,700,978Guigang
3%
China1,511,011Guiping
3%
China1,084,448Hanzhong
3%
China2,061,551Jinjiang
3%
China1,226,617Jinzhong
3%
China1,164,268Jiujiang
3%
Argentina1,775,272La Matanza
3%
China1,321,091Leizhou
3%
China1,429,384Liuyang
3%
China1,235,827Lufeng
3%
China1,326,687Luohe
3%
China1,232,648Meishan
3%
China1,074,073Panzhou
3%
China1,998,619Puning
3%
China1,520,386Rui'an
3%
China1,428,629Shiyan
3%
China1,158,640Tianmen
3%
China1,212,791Tianshui
3%
China1,014,577Xinyi
3%
China1,292,987Yangjiang
3%
China1,121,707Yichun
3%
China1,146,692Yongzhou
3%
China2,280,953Zaozhuang
3%
China1,432,044Zhangjiagang
3%
China1,064,766Bazhong
2%
China1,211,637Beiliu
2%
China1,087,950Dongyang
2%
China1,065,641Fengcheng
2%
China1,390,487Fuqing
2%
China1,328,657Gaozhou
2%
China1,067,905Haicheng
2%
China1,076,199Haining
2%
China1,060,155Hezhou
2%
China1,291,668Huazhou
2%
China1,120,822Jianli
2%
China1,117,265Jianyang
2%
China1,140,675Leiyang
2%
China1,363,470Lianjiang
2%
China1,114,146Linhai
2%
China1,211,122Liupanzhui
2%
China1,167,625Longyan
2%
China1,517,514Nan'an
2%
China1,179,140Neijiang
2%
China1,263,332Ningxiang
2%
China1,191,348Pingdu
2%
China1,462,563Pizhou
2%
China1,238,448Rugao
2%
China1,038,416Shaodong
2%
China1,163,364Shouguang
2%
China1,264,173Suining
2%
China1,029,754Tongxiang
2%
China1,188,664Weinan
2%
China1,416,199Wenling
2%
China1,268,715Xiantao
2%
China1,128,204Xinghua
2%
China1,004,132Xingyi
2%
China1,338,254Xintai
2%
China1,465,000Xinzheng
2%
China1,189,813Xuanwei
2%
China1,285,785Yixing
2%
China1,245,473Yiyang
2%
China1,256,409Yongcheng
2%
China1,452,707Yueqing
2%
China1,254,032Yuyao
2%
China1,078,178Zhucheng
2%
China1,218,072Zhuji
2%
China1,166,559Zoucheng
2%

Score Distribution

Percentile by Number Answered

Percent of People with Each Score

Your Score History

You have not taken this quiz